[Event "Oberfranken-ch U16"]
[Site "Schney"]
[Date "2019.01.05"]
[Round "5"]
[White "Robisch, Jan"]
[Black "Petzold, Annika"]
[Result "0-1"]
[WhiteElo "1187"]
[BlackElo "1503"]
[PlyCount "50"]
[EventDate "2019.01.03"]
[EventType "swiss"]
[EventRounds "7"]
[EventCountry "GER"]
[SourceTitle "EXT 2021"]
[Source "ChessBase"]
[SourceDate "2020.10.23"]
[SourceVersion "1"]
[SourceVersionDate "2020.10.23"]
[SourceQuality "1"]

1. e4 g6 2. d4 Bg7 3. Be3 c5 4. c3 cxd4 5. cxd4 Nc6 6. Be2 d6 7. Qd2 Nf6 8. Nc3 Ng4 9. Bxg4 Bxg4 10. h3 Bd7 11. Nf3 0-0 12. Bh6 Qb6 13. Bxg7 Kxg7 14. d5 Na5 15. b3 Qa6 16. h4 Nxb3 17. Qf4 Nxa1 18. h5 Qa5 19. Qd2 Rac8 20. Kf1 Qxc3 21. Qxc3+ Rxc3 22. hxg6 Rc1+ 23. Ne1 Bb5+ 24. Kg1 Rxe1+ 25. Kh2 Rxh1+ 0-1

[Event "Oberfranken-ch"]
[Site "Schney"]
[Date "2018.01.04"]
[Round "4.3"]
[White "Leiss, Nicolas"]
[Black "Petzold, Annika"]
[Result "0-1"]
[WhiteElo "1392"]
[BlackElo "1409"]
[PlyCount "90"]
[EventDate "2018.01.03"]
[EventType "swiss"]
[EventRounds "7"]
[EventCountry "GER"]
[SourceTitle "EXT 2022"]
[Source "ChessBase"]
[SourceDate "2021.10.06"]
[SourceVersion "1"]
[SourceVersionDate "2021.10.06"]
[SourceQuality "1"]

1. e4 d6 2. d4 Nf6 3. Nc3 g6 4. Be3 Bg7 5. Qd2 0-0 6. Bd3 Nbd7 7. Bh6 e5 8. Bxg7 Kxg7 9. d5 Nc5 10. Nge2 Bd7 11. 0-0-0 c6 12. Ng3 Nxd3+ 13. Qxd3 c5 14. h4 h5 15. Rdf1 Qa5 16. Qc4 b5 17. Qb3 c4 18. Qa3 Qb6 19. Nd1 b4 20. Qe3 Qa5 21. a3 c3 22. Nxc3 bxc3 23. Qxc3 Qxc3 24. bxc3 Rfc8 25. Kd2 Rc4 26. f3 Rac8 27. Ne2 Bb5 28. Rb1 R4c5 29. Ng3 a5 30. Rhc1 Ba4 31. Ne2 Bb5 32. Ng3 a4 33. Rb4 Bd7 34. Ne2 R8c7 35. Rb6 Ne8 36. Rb4 f5 37. g3 Nf6 38. Ke3 Bb5 39. Kd2 fxe4 40. fxe4 Ng4 41. Ng1 Rf7 42. Ne2 Bxe2 43. Kxe2 Rf2+ 44. Ke1 Rxc3 45. Rxa4 Rxg3 0-1

[Event "Oberfranken-ch U14"]
[Site "Schney"]
[Date "2017.01.04"]
[Round "3.1"]
[White "Koehler, Lukas"]
[Black "Petzold, Annika"]
[Result "1-0"]
[WhiteElo "1755"]
[BlackElo "1335"]
[PlyCount "59"]
[EventDate "2017.01.03"]
[EventType "swiss"]
[EventRounds "7"]
[EventCountry "GER"]
[SourceTitle "EXT 2024"]
[Source "ChessBase"]
[SourceDate "2023.10.10"]
[SourceVersion "1"]
[SourceVersionDate "2023.10.10"]
[SourceQuality "1"]

1. e4 d6 2. d4 Nf6 3. Nc3 g6 4. f4 Bg7 5. Nf3 Bg4 6. h3 Bxf3 7. Qxf3 c6 8. Be3 Qa5 9. Bd3 e6 10. 0-0 Nbd7 11. e5 Nd5 12. Ne4 dxe5 13. Nd6+ Ke7 14. fxe5 f6 15. Bg5 b5 16. a4 bxa4 17. Rae1 Qb6 18. Qe4 Bf8 19. Nc4 Qb7 20. exf6+ Kd8 21. Qxe6 h6 22. Bh4 g5 23. Na5 Qb6 24. Nxc6+ Kc7 25. Bg3+ Nf4 26. Rxf4 gxf4 27. Bxf4+ Bd6 28. Qxd6+ Kc8 29. Ba6+ Qxa6 30. Qc7# 1-0